12 filmes famosos de Alfred Hitchcock - Statistics

Estatísticas Gerais
  • Esse quiz foi jogado 100 vezes
  • A pontuação média é 5 de 11
Estatísticas das Respostas
Hint Resposta % Correto
8 Psicose
97%
1 Os pássaros
84%
2 Um corpo que cai
81%
3 Janela Indiscreta
75%
5 Intriga Internacional
38%
6 Disque M para Matar
34%
11 Pacto Sinistro
22%
9 O Homem que sabia demais
18%
12 Ladrão de Casaca
17%
7 Festin Diabólico
9%
4 Trama Macabra
3%
Nenhum quiz correspondente encontrado
Distribuição das Pontuações
Porcentagem de Pessoas com Cada Pontuação
Percentil de Números Respondidos
Sua Pontuação Histórica
Você não jogou esse quiz